ბათუმის შოთა რუსთაველის სახელმწიფო უნივერსიტეტის ბიბლიოთეკა

გულის შუქი. ნამდვილი ამბავი (ბიბ.ჩანაწერი № 49815)

000 -LEADER
fixed length control field 00675nam a2200217Ia 4500
001 - CONTROL NUMBER
control field 16750
003 - CONTROL NUMBER IDENTIFIER
control field GE_BSU
008 - FIXED-LENGTH DATA ELEMENTS--GENERAL INFORMATION
fixed length control field 181216s||||||||xx |||||||||||||| ||und||
040 ## - CATALOGING SOURCE
Transcribing agency GE_BSU
080 ## - UNIVERSAL DECIMAL CLASSIFICATION NUMBER
Universal Decimal Classification number 821.353.1-32
100 ## - MAIN ENTRY--PERSONAL NAME
Personal name თორდუა, ვ.
245 ## - TITLE STATEMENT
Title გულის შუქი. ნამდვილი ამბავი
245 ## - TITLE STATEMENT
Statement of responsibility, etc. რედ. კ.ლოლაძე
260 ## - PUBLICATION, DISTRIBUTION, ETC.
Place of publication, distribution, etc. თბილისი
260 ## - PUBLICATION, DISTRIBUTION, ETC.
Name of publisher, distributor, etc. საქ. კპ-ც კ-ის გამ-ბა
260 ## - PUBLICATION, DISTRIBUTION, ETC.
Date of publication, distribution, etc. 1959
300 ## - PHYSICAL DESCRIPTION
Extent 142გვ. : ილ. ; 20სმ
653 ## - INDEX TERM--UNCONTROLLED
Uncontrolled term გულის შუქი
653 ## - INDEX TERM--UNCONTROLLED
Uncontrolled term ნამდვილი ამბავი
942 ## - ADDED ENTRY ELEMENTS (KOHA)
Koha item type წიგნი
ეგზემპლარები
Withdrawn status Lost status Damaged status Not for loan Date acquired Barcode Date last seen Price effective from Koha item type
        2018-12-17 22207 2018-12-17 2018-12-17 წიგნი
        2018-12-17 22208 2018-12-17 2018-12-17 წიგნი
        2018-12-17 22209 2018-12-17 2018-12-17 წიგნი